000 00299nam a22001217a 4500
008 180420b xxu||||| |||| 00| 0 eng d
041 _aeng
080 _a043.3
100 _a0
101 _aARK-BA
245 _aKompleks i Banimit Fleksibil, Prishtina e Re
_cGrainca, G & Haxha. L
942 _2udc
_cBK
999 _c45336
_d45336